| 000 | 02645cam a22004934i 4500 | ||
|---|---|---|---|
| 003 | PE-LiUPU | ||
| 005 | 20250731173116.0 | ||
| 008 | 190710s2018 txu rb 000 0 spa d | ||
| 035 | _a(Sirsi) a252283 | ||
| 040 |
_aPE-LiUPU _bspa _cPE-LiUPU _erda |
||
| 049 | _aPRUA | ||
| 082 | 0 | 4 |
_a236 _bD35 _220 |
| 100 | 1 |
_aDe Kock, Edwin, _eautor. |
|
| 245 | 1 | 0 |
_aCristo y Anticristo en la profecía y la historia / _cpor Edwin de Kock. |
| 264 | 1 |
_aEndinburg : _bDiadone Enterprises, _c2018. |
|
| 300 |
_a440 páginas ; _c23 centímetros |
||
| 336 |
_atext _2rdacontent |
||
| 337 |
_aunmediated _2rdamedia |
||
| 338 |
_avolume _2rdacarrier |
||
| 504 | _aBibliografía: páginas 394-434. | ||
| 505 | _aIntroducción -- En el umbral del tercer milenio -- Cómo estudiar profecía -- La dos imágenes de Nabucodonosor -- Un antiguo rey sueña con el futuro -- Los cuatro metales: paralelos bíblicos y de otra naturaleza -- La importancia continua de Europa Occidental -- Las bestias feroces -- Cuatro bestias emergen del mar -- Dientes de hierro y uñas de bronce -- El cordero de Dios -- La historia que nunca fue -- Una biografía profética del Mesías -- En el cumplimiento del tiempo -- El remanente de Israel -- El primer protestante -- El factor Romano -- La bestia pagana y los cristianos primitivos -- Cómo comenzó el papado -- La bestia convertida -- Crecimiento papal y declive occidental -- Palabras contra el altísimo -- Adulterio la ley de Dios -- Diez cuernos -- Los diez cuernos -- Otro cuerno -- Desarraigados a tres -- Dos cuestiones clave -- La séptima profecía y el principio día por año -- ¿Por qué los cristianos persiguen a los cristianos?. | ||
| 526 | _aSEG42 | ||
| 526 | _aSEG41 | ||
| 526 | _aSEG40 | ||
| 526 | _aSEG39 | ||
| 526 | _aP94 | ||
| 526 | _aP87 | ||
| 526 | _aP86 | ||
| 526 | _aP85 | ||
| 526 | _aP77 | ||
| 526 | _aP76 | ||
| 526 | _aP35 | ||
| 650 | 0 | 4 |
_aAdventistas del séptimo día _vLiteratura controvertida. |
| 630 | 0 | 0 |
_aBiblia. _pDaniel _xProfecías. |
| 630 | 0 | 0 |
_aBiblia. _pApocalipsis _xProfecías. _95256 |
| 650 | 0 | 4 |
_aAnticristo. _9844 |
| 910 |
_adbm _bjpc _cjpc _d20190710 |
||
| 942 |
_2ddc _cBOOK |
||
| 994 |
_aC0 _bPEPRU |
||
| 596 | _a1 | ||
| 999 |
_a236 D35 _wDEWEY _c31513 _i80234 _d31513 _e2022-7-4 _f2021-11-10 _g3 _lCCODEBUL1 _mBUL _n1 _p20.00 _r0 _sY _tBOOK _u2019-7-10 _xTEOLOGIA _PP35 _0DONACION _o.STAFF. Colección Teología |
||
| 999 |
_a236 D35 _wDEWEY _c2 _i80235 _f2021-11-10 _g3 _lCCODEBUL1 _mBUL _p20.00 _r0 _sY _tBOOK _u2019-7-11 _xTEOLOGIA _PP35 _0DONACION _o.STAFF. Colección Teología |
||
| 980 |
_81 _gALBERTO SANCHEZ Responsable de Automatización |
||